000 01360nam a2200361 a 4500
001 0000401
003 DO-SdBNP
005 20160622110622.0
007 0000401
008 091125s2013 dr a 000 0 spa d
020 _a9789945174885
040 _aBPMSU
_bspa
_cBPMSU
092 _a 373.54
_bQ6e, 1ro. 2013
245 0 0 _aQuímica 1:
_beducación media /
_ccolaboración Julio Puente ... [et al.] ; gerencia editorial Anna Rogero Soler ; ilustración Rafael Almanzar
260 _aSanto Domingo :
_bSM,
_c2013.
300 _a151 p. :
_bil. ;
_c29 cm.
_e+ CD ROOM
490 1 _aProyecto Sé
504 _aBibliografía p: 151
505 0 _tMateria y energía --
_tClasificación y estructura de la materia --
_tEnlaces y formulación química --
_tSistemas materiales y aplicaciones --
_tLas reacciones químicas.
650 _aQUÍMICA
_xENSEÑANZA SECUNDARIA
650 _aQUÍMICA
_xEDUCACIÓN SECUNDARIA
650 _aEDUCACIÓN SECUNDARIA
_zREPÚBLICA DOMINICANA
650 _aQUÍMICA
_xLIBROS DE TEXTOS
650 _aQUÍMICA
_xESTUDIOS Y EJERCICIOS
700 1 2 _aPuente, Julio
_ecolab.
700 1 2 _aRogero Soler, Anna
_eed.
700 1 2 _aAlmanzar, Rafael.
_eil.
700 1 _aRogero Soler, Anna
_eed.
830 0 _aProyecto Sé
910 _a Validado. Control de calidad MFF
942 _2ddc
_cBK
956 _aYngrid Lockward
_b10
999 _c10326
_d10326